| 000 | 00504naa a22001217u 4500 | ||
|---|---|---|---|
| 008 | 130517b2002 xxu||||| |||| 00| 0 ger d | ||
| 040 | _aGER | ||
| 100 | 1 |
_aSchotsmans, Paul T. _912221 |
|
| 245 | 0 | 0 | _aDer Mensch als Schöpfer? Entwicklungen in der Humangenetik und die Grenzen menschlicher Selbstbestimmung |
| 300 |
_a19-31 p. _c26 cm. |
||
| 773 | 0 |
_tWem gehört der Mensch? _aSINCLAIR-HAUS GESPRÄCHE _dBad Homburg v.d. Höhe,Herbert Quandt-Stiftung,2002, _gpágs. 19-31 _z3-00-008925-X, _w70980 |
|
| 942 | _cAC | ||
| 999 |
_c227231 _d227231 |
||